000 02050nac a22002897a 4500
003 Co-PeBPM
005 20240326172733.0
007 ta
008 240326s2010 |||||||| |||| 00| 0 spa d
020 _a9788432228582
040 _aCo-PeBPM
_bspa
_cCo-PeBPM
_erda
041 _aspa
082 0 4 _222
_a833 S128m
100 1 _aSafier, David
_d1966- ,
_eautor
245 1 0 _aMaldito Karma
_c/ David Safier: traducción por Lidia Álvarez Grifoll
250 _aVigesimosegunda impresión
260 _aBarcelona
_b: Seix Barral,
_c2010
300 _a313 páginas
_c23 centímetros
490 _aBiblioteca Formentor
500 _aContiene datos biográficos del autor en la solapa del texto
520 _aLa presentadora de televisión Kim Lange está en el mejor momento de su carrera cuando sufre un accidente y muere aplastada por el lavabo de una estación espacial rusa. En el más allá, Kim se entera de que ha acumulado mal karma a lo largo de su vida: ha engañado a su marido, ha descuidado a su hija y ha amargado a cuantos la rodean. Pronto descubre cuál es su castigo: está en un agujero, tiene dos antenas y seis patas… ¡es una hormiga! Kim no tiene ganas de ir arrastrando migas de pastel tras haber eludido los hidratos de carbono toda su vida. Además, no puede permitir que su marido se consuele con otra. Sólo le queda una salida: acumular buen karma para ascender por la escala de la reencarnación y volver a ser humana. Pero el camino para dejar de ser plagado de contratiempos. Un millón de lectores en Alemania ya han disfrutado de esta hilarante novela, que ha colocado a David Safier en lo más alto de la escena literaria europea. Maldito karma es una historia de desbordante fantasía, una entrañable fábula que, entre carcajadas, nos ayuda a reflexionar sobre las prioridades de nuestra vida. Leela y descubre el secreto de la felicidad.
546 _aspa
650 1 0 _2Lemb
_aLiteratura alemana
650 1 0 _2Lemb
_aNovela alemana
700 _aÁlvarez Grifoll, Lidia
_d1966- .
_eautor
942 _2ddc
_cBK
_n0
999 _c26678
_d26678